Emociones y lenguaje en educación y política

Saved in:
Bibliographic Details
Main Author: Maturana Romesín, Humberto (autor)
Format: Book
Language:Spanish
Published: Santiago Dolmen 1995
Edition:8a. ed
Subjects:
Tags: Add Tag
No Tags, Be the first to tag this record!

MARC

LEADER 00000nam a2200000 a 4500
001 UCZ8948
003 CL-VaPUC
008 960126e19950000CL |||||||||||||||||spa|d
082 0 4 |a 370.1  |b MAT  |2 21 
100 |a Maturana Romesín, Humberto  |e autor  |9 448877 
245 1 0 |a Emociones y lenguaje en educación y política 
250 |a 8a. ed 
300 |a 98 p 
942 |c BK 
945 |d 19960126 00:00:00  |a rleighto 
260 |a Santiago  |b Dolmen  |c 1995 
650 0 |a Filosofía de la educación   |9 258384 
650 0 |a Educación  |9 258661 
650 7 |a LENGUAJE Y EDUCACION  |2 CL-VaPUC  |9 263717 
583 |a last modification  |c 19960126 00:00:00  |k Rodrigo Vera 
999 |c 244621  |d 244619 
952 |0 0  |1 0  |4 0  |6 370_100000000000000_MAT_1995  |7 0  |8 A  |9 258740  |a BIBCUR  |b BIBCUR  |d 2019-11-19  |i 3172198  |o 370.1 MAT 1995  |p 3172198  |r 2025-04-22  |w 2019-11-19  |y BK  |k PER 
952 |0 0  |1 0  |4 0  |6 370_100000000000000_MAT_1995  |7 0  |8 A  |9 258741  |a BIBCUR  |b BIBCUR  |d 2019-11-19  |i 3192105  |o 370.1 MAT 1995  |p 3192105  |r 2025-04-22  |w 2019-11-19  |y BK  |k PER